La función social del bibliotecólogo y la biblioteca /

محفوظ في:
التفاصيل البيبلوغرافية
المؤلف الرئيسي: Morales Campos, Estela (autor)
التنسيق: كتاب
اللغة:الإسبانية
منشور في: México : UNAM, Centro Universitario de Investigaciones Bibliotecológicas, 1994, c1994
سلاسل:(Cuadernos del CUIB ; 3)
الموضوعات:
الوسوم: إضافة وسم
لا توجد وسوم, كن أول من يضع وسما على هذه التسجيلة!

MARC

LEADER 00000nam^a2200000^a^4500
001 000190812
005 20250521000000.0
009 20260310102503.524
020 |a 968-36-6005-3 
037 |a Acervo ITESO - Biblioteca 
041 |a ESP 
082 |a 021. 2  |b MOR 
100 |a Morales Campos, Estela  |e (autor) 
245 1 3 |a La función social del bibliotecólogo y la biblioteca /  |c E. Morales Campos. 
264 4 |a México :  |b UNAM, Centro Universitario de Investigaciones Bibliotecológicas,  |c 1994, c1994 
300 |a 56 p. 
336 |a texto  |b txt  |2 rdacontenido 
337 |a sin mediación  |b n  |2 rdamedio 
338 |a volumen  |b nc  |2 rdasoporte 
440 1 |a (Cuadernos del CUIB ;  |v 3) 
649 |a XX 
650 |a Bibliotecas -  |x Aspectos Sociales y Culturales -  |x Tema Principal 
650 |a Bibliotecarios -  |x Prácticas Profesionales -  |x Tema Principal 
650 |a Bibliotecarios -  |x Prácticas Profesionales -  |x Aspectos Sociales y Culturales 
650 |a Política Cultural 
650 |a Biblioteconomía 
910 |a Fondo General 
920 |a Impresos - Libros 
930 |a Obras de Referencia 
940 |a Biblioteconomía 
905 |a 102 
901 |a 0500134704  |b IT2  |c REF  |u 20250521 
902 |a https://opac.biblio.iteso.mx/vufind/Record/000190812